| 000 | 00909nam a2200229 a 4500 | ||
|---|---|---|---|
| 001 | 53094 | ||
| 003 | BD-RjUL | ||
| 005 | 20211209075916.0 | ||
| 008 | 161003s1982 ii ||||| |||| 00| 0 ben d | ||
| 035 | _a(BD-RjUL)53214 | ||
| 040 |
_aBD-RjUL _bben _cBD-RjUL |
||
| 041 | _aben | ||
| 082 |
_223 _a398 _bISF 1982 |
||
| 100 |
_aইসলাম, মযহারুল _9158690 |
||
| 245 | 1 | 0 |
_aফোকলোর চর্চায় রূপতাত্ত্বিক বিশ্লেষণ পদ্ধতি / _c মযহারুল ইসলাম |
| 260 |
_aকলিকাতা : _bলোক লৌকিক প্রকাশানী, _c১৯৮২ |
||
| 300 |
_a[৪], ২৮০ পৃ.; _c২২ সেমি. |
||
| 504 | _aগ্রন্থপঞ্জি সংযুক্ত | ||
| 650 |
_aলোকাচারবিদ্যা _9158691 |
||
| 650 |
_aFolklore _9158692 |
||
| 942 |
_2ddc _cBK |
||
| 999 |
_c53094 _d53094 |
||